MDQL
is popping MORE tags! Check the
thread
!
Quizzes
Events
Quiz Creation
Community
Videos
Private Events
Remove Ads
Sign In
Join for FREE
Feedback
Dark Mode
Quiz Categories
Sports
Geography
Music
Movies
Television
Just For Fun
Miscellaneous
History
Literature
Language
Science
Gaming
Entertainment
Religion
Holiday
For Kids
Quiz Lab
Recent
Popular Today
Quiz Kudos Today
Editor Picks
Curator Picks
Quizzes by...
Day
Popularity
Type
Ratings
Length
Year
Community
Subscriptions
Recent Discussions
Orange Saloon
Badges
Playlists
Quests
Create
Leaderboards
Showdown
Live 5
Trivia Bingo
Activity
Puzzle Library
Sporcle Events
Private Events
Virtual Trivia
Globe League
Become a Host
Pub Owners
SporcleCon
Opinionation
Our Games
Videos
Blog
Mobile Apps
Partnerships
Remove Ads and Go Orange
Feedback
Music
Pop Music
The Beatles
Song
Album
Lyrics
Bands
Singers
Artist
Clip
Rock
Rap
Classical
Billboard
Country Music
Kpop
Taylor Swift
Music
Pop Music
The Beatles
Song
Album
Lyrics
Bands
Singers
Artist
Clip
Rock
Rap
Classical
Billboard
Country Music
Kpop
Taylor Swift
Random Quiz
Search Sporcle
×
Quiz Lab
Quiz Lab
Music
Type in answers that appear in a list
Type in answers that appear in a list
Classic
Best Score? Go Orange.
7 Years Lyrics Stats
Can you name the 7 Years Lyrics?
By
wendybrooke90210
15m
297 Questions
817 Plays
817 Plays
817 Plays
Comments
Comments
Give Quiz Kudos
Give Quiz Kudos
-
- Ratings
hide this ad
More Info
Replay
Link that replays current quiz
Next Quiz
Link to next quiz in quiz playlist
You Got
0%
They Got
Avg Score
82%
Avg Friend Score
Upgrade to see
Score Distribution
Jump to the score distribution portion of the page
Score
0/297
Timer
15:00
0
Plays Today
Answer
% Correct
I
99.9%
I
99.9%
I
99.9%
I
99.9%
I
99.9%
I
99.9%
I
99.9%
I
99.9%
I
99.9%
I
99.9%
I
99.9%
I
99.9%
I
99.9%
I
99.9%
I
99.9%
I
99.9%
I
99.9%
I
99.9%
I
99.9%
I
99.9%
I
99.9%
I
99.9%
I
99.9%
Once
99.3%
Once
99.3%
once
99.3%
once
99.3%
once
99.3%
once
99.3%
once
99.3%
once
99.3%
seven
99.1%
seven
99.1%
was
99%
years
99%
was
99%
years
99%
was
99%
was
99%
years
99%
was
99%
years
99%
was
99%
years
99%
was
99%
was
99%
years
99%
was
99%
years
99%
was
99%
was
99%
years
99%
years
99%
years
99%
old
98.5%
old
98.5%
old
98.5%
old
98.5%
old
98.5%
old
98.5%
old
98.5%
old
98.5%
old
98.5%
old
98.5%
my
98.4%
my
98.4%
my
98.4%
my
98.4%
my
98.4%
my
98.4%
my
98.4%
my
98.4%
my
98.4%
my
98.4%
told
97.8%
me
97.8%
told
97.8%
me
97.8%
me
97.8%
me
97.8%
me
97.8%
told
97.8%
me
97.8%
told
97.8%
me
97.8%
me
97.8%
me
97.8%
to
97.7%
to
97.7%
to
97.7%
to
97.7%
be
97.1%
a
97.1%
a
97.1%
be
97.1%
you
97.1%
be
97.1%
be
97.1%
go
96.8%
Answer
% Correct
go
96.8%
so
96.5%
So
96.5%
so
96.5%
lonely
96.1%
lonely
96.1%
lonely
96.1%
some
95.3%
some
95.3%
some
95.3%
friends
95.2%
or
95.2%
or
95.2%
yourself
94.4%
yourself
94.4%
you'll
94.2%
you'll
94.2%
make
92.7%
make
92.7%
make
92.7%
mama
90.6%
we
90.6%
we
90.6%
we
90.6%
eleven
90.6%
we
90.6%
eleven
90.6%
daddy
90.6%
eleven
90.6%
daddy
90.6%
we
90.6%
get
90%
wife
90%
world
89.8%
world
89.8%
the
88.9%
the
88.9%
the
88.9%
the
88.9%
and
88.4%
and
88.4%
and
88.4%
and
88.4%
and
88.4%
It
88%
it
88%
big
87.9%
big
87.9%
were
87.4%
were
87.4%
were
87.4%
we're
87.4%
but
86.5%
bigger
86.4%
twenty
85.3%
twenty
85.3%
twenty
85.3%
twenty
85.3%
thought
84.7%
smoking
80.2%
other
79.8%
that
79.8%
that
79.8%
that
79.8%
learning
79.4%
learning
79.4%
pushing
79.1%
each
79.1%
drinking
78.9%
quicker
77.7%
limits
77.2%
songs
77.2%
stories
77.2%
songs
77.2%
songs
77.2%
stories
77.2%
before
77.1%
before
77.1%
before
77.1%
before
77.1%
had
77%
had
77%
liquor
76.3%
burning
76.1%
soon
76%
soon
76%
children
75.4%
herb
74.7%
got
74.5%
got
74.5%
got
74.5%
by
74.4%
out
74.3%
out
74.3%
thirty
74.1%
thirty
74.1%
writing
73.6%
writing
73.6%
writing
73.6%
Answer
% Correct
life
72.9%
see
72.9%
see
72.9%
life
72.9%
about
72.8%
about
72.8%
about
72.8%
always
72.5%
always
72.5%
dream
72.3%
like
72.1%
glory
71.4%
glory
71.4%
started
71.2%
started
71.2%
in
70.3%
in
70.3%
story
70.1%
story
70.1%
I'll
69.4%
still
69%
still
69%
still
69%
never
68.9%
can
68.5%
can
68.5%
can
68.5%
will
68.2%
boys
67.4%
boys
67.4%
with
67.3%
with
67.3%
steady
67.1%
for
67.1%
don't
66.5%
don't
66.5%
I'm
65.1%
leave
64.6%
leave
64.6%
have
64.4%
we'll
64.3%
we'll
64.3%
know
64.1%
know
64.1%
figure
63.8%
those
63.3%
those
63.3%
tell
63.2%
rich
63%
them
63%
them
63%
only
62.8%
only
62.8%
something
62.4%
ever
62.1%
at
62.1%
bore
61.9%
believe
61.9%
brought
61.8%
woman
61.4%
all
61.3%
behind
61%
been
60.7%
failure
60.5%
are
60.2%
are
60.2%
cause
60%
goals
60%
cause
60%
sing
60%
when
59.9%
love
59.5%
seemed
59.4%
just
59%
hope
58.5%
really
58.1%
really
58.1%
least
57.8%
around
57.6%
our
57.5%
morning
57.2%
sun
57.2%
they
57.2%
major
57.2%
if
57%
sold
57%
of
56.9%
voices
56.8%
favor
56.1%
saw
55.8%
later
55%
smallest
54.6%
seeking
54.3%
everything
53.9%
traveled
50.6%
Most
49.3%
we've
49.2%
roaming
46.9%
meet
45%
Quiz Playlist
Details
Report
Send in Message
Add To Playlist
More Info:
The last verse isn't included because of the 300 limit.
Classic:
Type in answers that appear in a list
Last Updated: Feb 16, 2017
Quiz Scoreboard
CHALLENGE
Sign Up to Join the Scoreboard
Show All
Scores
Hide
Comments
May contain spoilers
Recently Published
Two Season TV Shows II
by 123Four
Television
10m
Image Sorting: Flags VI
by Barbecue
Geography
2m
Find the 'City' Movie
by crazypaving
Movies
60s
More to Explore
Quiz From the Vault
Featured Blog Post
14 Easter Pick-up Lines to Find Eggs With
hide this ad
You Might Also Like...
Tags
This quiz does not have any tags.
Today's Top Quizzes in Music
Browse Music
hide this ad
Top Contributed Quizzes in Music
1
5X2 Blitz: Bands II
2
5X2 Blitz: The Beatles
3
Taylor Swift All Songs (2024)
4
5X2 Blitz: Billboard
5
5X2 Blitz: Billboard II
6
5X2 Blitz: Album
7
5X2 Blitz: Singers
8
5X2 Blitz: Rock
9
Music Artist by Three 2010s hits
10
5X2 Blitz: Lyrics
Explore More
Trending Topics
Marvel
Disney
Kpop
NBA
Crossword
Harry Potter
Anime
Country
Puzzle
The Office
WWE
NFL
Song
Pokémon
Soccer
hide this ad
More By:
wendybrooke90210
Quiz
Plays
Rating
Category
Featured
Created
7 Years Lyrics
817
4.20
Music
Mar 10, 2016
Go to Creator's Profile
Score Distribution
Quiz Creator Spotlight
wendybrooke90210
Follow
Send a Message
Quizzes Created
-
Created Quiz Play Count
-
More By This Creator
Popular Quizzes Today
1
Find the US States - No Outlines Minefield
2
Colored Red Africa Blitz
3
Find the 'City' Movie
4
5x2 Blitz: Bands
5
The Countries of the World
6
Find the Countries of Europe - No Outlines Minefield
7
Find the US States
8
US States
More Music Quizzes
Famous Lead Singers by Picture
Published
Trending Quizzes
Colored Red Europe Blitz I
Colored Red Africa Blitz II
Colored Red Europe Blitz II
Colored Red Europe Blitz III
Colored Red Africa Blitz III
Recently Updated
How Do You Spell That?
pecheneg
Godzilla Movies
pecheneg
Grab Bag: 4-10 Letters
pecheneg
2024 March Madness Bracket
pecheneg
Famous TV Couples
Peacemaker
Champions League XIs: Real Madrid
pecheneg
Largest US Cities 1790-2010
pecheneg
Rides in Walt Disney World
pecheneg
Most Oscar Losses (Acting)
pecheneg
Beyoncé Albums
pecheneg
Trending Topics
NBA
Crossword
Harry Potter
Anime
Disney
Marvel
Kpop
Song
WWE
The Office
Pokémon
NFL
Soccer
Country
Puzzle
Your Account Isn't Verified!
In order to create a playlist on Sporcle, you need to verify the email address you used during registration. Go to your
Sporcle Settings
to finish the process.
Report this User
Report this user for behavior that violates our
Community Guidelines
.
Details:
Send Report
Go to the Sporcle.com Mobile Site →
Comments